Les villes par monuments - Statistiques

Statistiques générales
  • Ce quiz a été pris 279 fois
  • Le résultat moyen est 10 sur 15
Statistiques - réponses
Par images Réponse % Correct
paris
100%
londres
97%
sydney
94%
moscou
91%
athenes
90%
las vegas
90%
dubai
82%
monaco
64%
tokyo
64%
vatican
55%
berlin
40%
seattle
37%
liverpool
34%
san fransisco
24%
egypte
15%
Aucun quiz correspondant
Distribution des résultats
% des personnes avec chaque résultat
Percentile par nombre de réponses
Votre historique - résultats
Vous n’avez pas pris ce quiz